000 00237nam a2200097Ia 4500
001 689544
005 20250826161636.0
008 250824s9999 xx 000 0 und d
245 0 _aCANIN SAĞOLSUN
_cSERKAN ÖZEL
260 _bDESTEK YAYINLARI
999 _c689544
_d689544